Obras selectas para la mejor educación de la juventud : El catecismo histórico del Abad de Fleuri, ó, compendio de la historia sagrada y doctrina cristiana.

Bibliographic Details
Other Authors: Fleury, Claude, 1640-1723
Format: Book
Language:Spanish
Published: Puebla : Impr. antigua en el portal de las flores, 1839.
Subjects:

MARC

Tag First Indicator Second Indicator Subfields
LEADER 00000cam a2200000Ia 4500
001 in00002715713
005 20151202142431.0
008 110816s1839 mx a 000 0 spa d
035 |a (OCoLC)ocn746853868 
035 |a (OCoLC)746853868 
040 |a TXA  |c TEF  |d UtOrBLW 
041 1 |a spa  |h fre 
049 |a TXAM 
050 4 |a BX1965  |b .O27 1839 
245 0 0 |a Obras selectas para la mejor educación de la juventud :  |b El catecismo histórico del Abad de Fleuri, ó, compendio de la historia sagrada y doctrina cristiana. 
246 3 0 |a Catecismo histórico del Abad de Fleuri, ó, compendio de la historia sagrada y doctrina cristiana 
264 1 |a Puebla :  |b Impr. antigua en el portal de las flores,  |c 1839. 
300 |a 335 pages :  |b illustrations ;  |c 16 cm. 
336 |a text  |b txt  |2 rdacontent 
337 |a unmediated  |b n  |2 rdamedia 
338 |a volume  |b nc  |2 rdacarrier 
505 0 |a Pequeño catecismo histórico del Abad de Fleuri -- Reglas de urbanidad -- Himno que suelen cantar los niños -- Fábulas. 
610 2 0 |a Catholic Church  |v Catechisms  |x Spanish. 
650 0 |a Catechisms, Spanish. 
650 0 |a Etiquette for children and teenagers. 
700 1 2 |a Fleury, Claude,  |d 1640-1723.  |t Petit catéchisme historique.  |l Spanish. 
740 0 2 |a Pequeño catecismo histórico. 
948 |a cataloged  |b h  |c 2011/9/7  |d c  |e hgolay  |f 10:43:04 am 
994 |a C0  |b TEF 
999 |a MARS 
999 f f |s e9239ea6-dfc6-3f83-8adf-944c89a34419  |i 299060a9-22d0-3506-a0df-0023afdf8f95  |t 0 
952 f f |p noncirc  |a Texas A&M University  |b College Station  |c Cushing Memorial Library & Archives  |d Cushing: Colonial Mexican Imprints (Does not check out)  |t 0  |e BX1965 .O27 1839  |h Library of Congress classification  |i unmediated -- volume  |m A14851975921 
998 f f |a BX1965 .O27 1839  |t 0  |l Cushing: Colonial Mexican Imprints (Does not check out)